| 000 | 00782nam a2200217 4500 | ||
|---|---|---|---|
| 005 | 20260220073925.0 | ||
| 008 | 260220b |||||||| |||| 00| 0 eng d | ||
| 020 | _a97816464810701 | ||
| 050 |
_aRT42 _b.W33 2023 |
||
| 100 | _aWaddill-Goad, Suzanne, | ||
| 245 |
_aBeyond burnout : _b overcoming stress in nurssing & healthcare for optimal health & well being/ |
||
| 250 | _a2nd | ||
| 260 |
_a Indianapolis, IN : _bSigma, _c2023 |
||
| 300 |
_axl, 387 pages : _billustrations ; _c23 cm |
||
| 500 | _aRevised edition of: Nurse burnout / Suzanne Waddill-Goad, | ||
| 500 | _a Includes bibliographical references and index. | ||
| 650 |
_aNurses _xJob stress. |
||
| 650 |
_aNursing _xPsychological aspects. |
||
| 650 |
_aBurn out (Psychology) _xPrevention. |
||
| 942 |
_2lcc _cBK |
||
| 999 |
_c60187 _d60187 |
||